| 000 | 00397nam a2200145Ia 4500 | ||
|---|---|---|---|
| 008 | 151021s9999 xx 000 0 und d | ||
| 050 | _aHA 29 .B59 1960 | ||
| 245 | _a_Social statistics Hubert M Blalock | ||
| 260 | _aNew York Mc Graw-Hill 1960 | ||
| 300 | _a465p. | ||
| 500 | _aIncludes index | ||
| 500 | _aIncludes index | ||
| 650 | _a_Statistics | ||
| 980 | _a^d20140121 09:28:40^okorir | ||
| 999 |
_c14694 _d14694 |
||